书目信息 |
| 题名: |
二十五史故事
|
|
| 作者: | 廖敏 主编 | |
| 分册: | ||
| 出版信息: | 北京 中国华侨出版社 2016 |
|
| 页数: | 369页 | |
| 开本: | 25cm | |
| 丛书名: | ||
| 单 册: | ||
| 中图分类: | K204.1 | |
| 科图分类: | ||
| 主题词: | 二十五史--通俗读物 , 中国历史--古代史--纪传体 | |
| 电子资源: | ||
| ISBN: | 978-7-5113-6249-0 | |
| 000 | 00806nam0 2200253 450 | |
| 001 | 012001001881 | |
| 005 | 20140921103355.0 | |
| 010 | @a978-7-5113-6249-0@dCNY59.00 | |
| 100 | @a20170215d2016 em y0chiy50 ea | |
| 101 | 0 | @achi |
| 102 | @aCN@b110000 | |
| 105 | @aa z 000yy | |
| 106 | @ar | |
| 200 | 1 | @a二十五史故事@9er shi wu shi gu shi@f廖敏主编 |
| 210 | @a北京@c中国华侨出版社@d2016 | |
| 215 | @a369页@c图@d25cm | |
| 300 | @a超值全彩国学馆 | |
| 330 | @a本书精选“二十五史”中的重大历史事件和重要历史人物,按照各史书的时间顺序分章,阐述了中国历史,勾勒出中国历史的基本脉络和发展历程。 | |
| 606 | 0 | @a二十五史@j通俗读物 |
| 606 | 0 | @a中国历史@x古代史@j纪传体 |
| 690 | @aK204.1@v5 | |
| 701 | 0 | @a廖敏@9liao min@4主编 |
| 801 | 0 | @aCN@b上海新华@c20180901 |
| 905 | @b1152402-6@dK204.1@e291@f5 | |
| 二十五史故事/廖敏主编.-北京:中国华侨出版社,2016 |
| 369页:图;25cm |
| 超值全彩国学馆 |
| ISBN 978-7-5113-6249-0:CNY59.00 |
| 本书精选“二十五史”中的重大历史事件和重要历史人物,按照各史书的时间顺序分章,阐述了中国历史,勾勒出中国历史的基本脉络和发展历程。 |
| ● |
| 相关链接 |
|
|
|
|
正题名:二十五史故事
索取号:K204.1/291
 
预约/预借
| 序号 | 登录号 | 条形码 | 馆藏地/架位号 | 状态 | 备注 |
| 1 | 1152402 | 211524028 | 第二样本阅览室/ [索取号:K204.1/291] | 在馆 | |
| 2 | 1152403 | 211524037 | 第二借阅区/ [索取号:K204.1/291] | 在馆 | |
| 3 | 1152404 | 211524046 | 密集书库-史法系/ [索取号:K204.1/291] | 在馆 | |
| 4 | 1152405 | 211524055 | 第二借阅区/ [索取号:K204.1/291] | 在馆 | |
| 5 | 1152406 | 211524064 | 第二借阅区/ [索取号:K204.1/291] | 在馆 |